000 00431nam a2200181Ia 4500
001 3491
005 20260306145647.0
008 260306t2012||||xx |||||||||||||| ||spa||
041 _aESP
082 _a280
_bR27A
100 _aRatzinger, Joseph
_eAUT
245 0 _aMi cristiandad:
_bdiscursos fundamentales
260 _c2012
300 _a301 páginas :
_c23 cm.
650 _aGEN
654 _aCHU
942 _cLIB
_dJUS
_fJUS
_2ddc
_n
999 _c3491
_d3491